LEADER 01481cam0-2200505---450- 001 990000085000203316 005 19991104 010 $a88-371-0461-8 035 $a0008500 035 $aUSA010008500 035 $a(ALEPH)000008500USA01 035 $a0008500 100 $a19991104d1989----|||y0itay0103----ba 101 0 $aita 102 $aIT 105 $aa||||||001yy 200 $aFarmacologia e tossicologia sperimentale$fP. Dolara, F. Franconi, A.Mugelli 210 $aBologna$cPitagora$d1989 215 $a441 p.$cill.$d27 cm 606 0 $aFarmacologia 606 0 $aTossicologia 676 $a615.1 700 1$aDOLARA,$bPiero$091733 701 1$aFRANCONI,$bFlavia$0284373 701 1$aMUGELLI,$bAlessandro$0366613 801 $aIT$bSALBC$gISBD 912 $a990000085000203316 951 $a615.1 DOL$b2343 Farm.$c615.1$d00004737 959 $aBK 969 $aFAR 979 $c20000914$lUSA01$h1739 979 $c20001019$lUSA01$h1056 979 $c20001019$lUSA01$h1454 979 $c20001019$lUSA01$h1501 979 $c20001019$lUSA01$h1539 979 $c20001024$lUSA01$h1515 979 $c20001027$lUSA01$h1519 979 $c20001027$lUSA01$h1523 979 $c20001110$lUSA01$h1710 979 $c20001124$lUSA01$h1208 979 $aPATTY$b90$c20010716$lUSA01$h1729 979 $c20020403$lUSA01$h1616 979 $aPATRY$b90$c20040406$lUSA01$h1607 996 $aFarmacologia e tossicologia sperimentale$9397030 997 $aUNISA LEADER 01205cam0-22004331i-450 001 990000108520403321 005 20200212101316.0 035 $a000010852 035 $aFED01000010852 035 $a(Aleph)000010852FED01 100 $a20020821d1986----km-y0itay50------ba 101 0 $aita 102 $aIT 105 $aac------001yy 200 1 $a<>enigma dei raggi cosmici$fBruno Rossi$ga cura di Ottavia Bassetti 210 $aMilano$cMontedison-Progetto cultura$cImago$d1986 215 $a96 p.$cill., 1 ritr.$d21 cm 225 1 $aFrontiere$v1 610 0 $aRaggi cosmici 610 0 $aStoria della fisica 676 $a509 676 $a539.7223$v23$zita 700 1$aRossi,$bBruno$f<1905-1993>$01745 702 1$aBassetti,$bOttavia 801 0$aIT$bUNINA$gRICA$2UNIMARC 901 $aBK 912 $a990000108520403321 952 $a13 B 41 18$b2547$fFINBC 952 $a04 250-133$bDIC$fDINCH 952 $a60 539.722 ROSB 1986$b308$fFAGBC 952 $a6D-207$b13664$fFI1 952 $aB1/45$bs.i.$fDINTR 959 $aFINBC 959 $aDINCH 959 $aFI1 959 $aFAGBC 959 $aDINTR 996 $aEnigma dei raggi cosmici$9115739 997 $aUNINA LEADER 02317nam 2200649 a 450 001 9910457462703321 005 20200520144314.0 010 $a0-8047-8189-3 024 7 $a10.1515/9780804781893 035 $a(CKB)2550000000083640 035 $a(EBL)848701 035 $a(OCoLC)775301948 035 $a(SSID)ssj0000646585 035 $a(PQKBManifestationID)12245276 035 $a(PQKBTitleCode)TC0000646585 035 $a(PQKBWorkID)10699425 035 $a(PQKB)10300419 035 $a(MiAaPQ)EBC848701 035 $a(DE-B1597)564056 035 $a(DE-B1597)9780804781893 035 $a(Au-PeEL)EBL848701 035 $a(CaPaEBR)ebr10537873 035 $a(OCoLC)1198930701 035 $a(EXLCZ)992550000000083640 100 $a20110922d2012 uy 0 101 0 $aeng 135 $aur|n|---||||| 181 $ctxt 182 $cc 183 $acr 200 14$aThe long and short of it$b[electronic resource] $efrom aphorism to novel /$fGary Saul Morson 210 $aStanford, Calif. $cStanford University Press$d2012 215 $a1 online resource (296 p.) 300 $aDescription based upon print version of record. 311 $a0-8047-8169-9 311 $a0-8047-8051-X 320 $aIncludes bibliographical references and index. 327 $aGenre and brevity -- Apothegms -- Witticism and witlessism -- Wisdom and counter-wisdom -- Two kinds of trial -- Prosaic apothegms -- Conclusion : the great conversation. 330 $aThis book explores the family of very short literary genres-- aphorisms, witticisms, wise sayings, and other short forms, from the perspective of their world views and the devices that express them. 606 $aAphorisms and apothegms$xHistory and criticism 606 $aWit and humor$xHistory and criticism 606 $aEpigram 606 $aLiterary form 608 $aElectronic books. 615 0$aAphorisms and apothegms$xHistory and criticism. 615 0$aWit and humor$xHistory and criticism. 615 0$aEpigram. 615 0$aLiterary form. 676 $a818/.602 700 $aMorson$b Gary Saul$f1948-$0610132 801 0$bMiAaPQ 801 1$bMiAaPQ 801 2$bMiAaPQ 906 $aBOOK 912 $a9910457462703321 996 $aThe long and short of it$92432087 997 $aUNINA